000 00289nam a22001337a 4500
008 170601b xxu||||| |||| 00| 0 eng d
020 _a394318242
041 _aeng
080 _a94(7/8)
100 _a17
101 _aSHH
245 _aTREEDOM AND CRISIS
_cWEINSTEIN,A
942 _2udc
_cBK
999 _c15244
_d15244